|
|
|
|
| LEADER |
00000nab a2200000 a 4500 |
| 001 |
vtls010703752 |
| 003 |
SK-MaSNL |
| 005 |
20260304195029.0 |
| 008 |
250709s1963 xo |||||||||||||||||slo| |
| 035 |
|
|
|a (urnnbn)urn:nbn:sk:snk:ar-a03wja
|
| 035 |
|
|
|a (uuid)8c898f8b-0b9b-414b-9982-b2cccb345815
|
| 035 |
|
|
|a urn:nbn:sk:snk-ab38ot
|
| 040 |
|
|
|a SNKBUCL
|b slo
|c SNKBUCL
|e AACR2
|
| 041 |
0 |
|
|a slo
|
| 044 |
|
|
|a xo
|c SK
|
| 100 |
1 |
|
|a Pavlinec, J.
|4 aut
|9 1529603
|
| 245 |
1 |
0 |
|a Sympózium o makromolekulovej chémii v Paríži
|c J. Pavlinec
|
| 773 |
0 |
|
|t Bulletin VÚKI
|g Roč. 16, č. 4 (1963), s. 206-208
|
| 850 |
|
|
|a Slovenská národná knižnica
|
| 852 |
|
|
|a Slovenská národná knižnica
|
| 958 |
|
|
|a article1
|
| 958 |
|
|
|a OND
|
| 999 |
|
|
|c 3078627
|d 3080557
|